00373nam a22001337a 450000500170000000800410001702000210005808200130007910000180009224500330011025000080014326000400015165000480019120250509151604.0250509b |||||||| |||| 00| 0 eng d a978-1-239-2095-5 a617.3 Q2 aEbnezar, John aInjuries of Pelvis and Spine a1st bCBS Publishers & Distributorsc2012 vphysiotherapyxInjuries of Pelvis and Spine